000 01388nam a22002297a 4500
999 _c3742
_d3742
003 OSt
005 20241007101527.0
008 241007b ||||| |||| 00| 0 eng d
020 _a9780241376942
040 _cKH8
082 _aFIC MCM
100 _aMcManus, Karen M,
_eauthor.
245 _aThe Cousins /
_cKaren M. McManus.
260 _aUK ;
_bPenguin Books,
_c2020.
300 _a325 pages :
_c20 cm.
520 _aMilly, Aubrey, and Jonah Story are cousins, but they barely know each other, and they've never even met their grandmother. Rich and reclusive, she disinherited their parents before they were born. So when they each receive a letter inviting them to work at her island resort for the summer, they're surprised... and curious. Their parents are all clear on one point--not going is not an option. This could be the opportunity to get back into Grandmother's good graces. But when the cousins arrive on the island, it's immediately clear that she has different plans for them. And the longer they stay, the more they realize how mysterious--and dark--their family's past is. The entire Story family has secrets. Whatever pulled them apart years ago isn't over--and this summer, the cousins will learn everything.
650 _aCousins Fiction
650 _aFamily secrets Fiction
650 _aYoung Adult Fiction
650 _aCrime & Thriller
942 _2ddc
_cFIC